X Window system: administrator`s guide for X version 11

Sparad:
Bibliografiska uppgifter
Huvudupphovsmän: Mui, Linda (Författare, medförfattare), Pearce, Eric (Författare, medförfattare)
Materialtyp: Bok
Språk:engelska
Publicerad: Sebastopol O'Reilly 1993
Ämnen:
Taggar: Lägg till en tagg
Inga taggar, Lägg till första taggen!

MARC

LEADER 00000nam a2200000 a 4500
001 UCY0392
003 CL-VaPUC
008 940729e19930000US |||||||||||||||||eng|d
082 0 4 |a 005.369  |b MUI  |2 21 
100 0 |a Mui, Linda  |e author  |9 328075 
700 0 |a Pearce, Eric  |e author  |9 328076 
245 1 0 |a X Window system: administrator`s guide for X version 11 
300 |a v 
942 |c BK 
945 |d 19940729 00:00:00  |a mfernand 
260 |a Sebastopol  |b O'Reilly  |c 1993 
650 0 |a Sistema X Window  |9 328073 
650 7 |a SISTEMA COMPUTACIONAL  |2 CL-VaPUC  |9 328078 
650 0 |a Software  |9 387312 
583 |a last modification  |c 20130307 08:04:53  |k Rodrigo Vera 
999 |c 229394  |d 229392 
952 |0 0  |1 0  |4 0  |6 005_369000000000000_MUI_1993  |7 0  |8 A  |9 230485  |a BIBING  |b BIBING  |d 2019-11-15  |h v.8  |i 299948K  |o 005.369 MUI 1993  |p 299948K  |r 2025-01-20  |w 2019-11-15  |y BK  |k CCI